Memoria del Ministerio de Relaciones Exteriores y Culto: 1986-1987 /
Gardado en:
| Autor Corporativo: | |
|---|---|
| Outros autores: | |
| Formato: | Libro |
| Idioma: | Spanish |
| Publicado: |
San José, Costa Rica:
El Ministerio,
1988
|
| Etiquetas: |
Engadir etiqueta
Sen Etiquetas, Sexa o primeiro en etiquetar este rexistro!
|
MARC
| LEADER | 00000nam a22000007a 4500 | ||
|---|---|---|---|
| 003 | cru CIDCACS/IIS | ||
| 005 | 20200925161133.0 | ||
| 007 | ta | ||
| 008 | 161103s1988 cr ||||| |||| 00| 0 spa d | ||
| 040 | |c CRAI/IIS |a CRAI/IIS | ||
| 090 | |a 01.02.05 M533m | ||
| 110 | 1 | |9 334 |a Costa Rica. |b Ministerio de Relaciones Exteriores y Culto | |
| 245 | 1 | |a Memoria del Ministerio de Relaciones Exteriores y Culto: |b 1986-1987 / |c Rodrigo Madrigal Nieto | |
| 260 | |a San José, Costa Rica: |b El Ministerio, |c 1988 | ||
| 300 | |a 258 páginas | ||
| 500 | |a Presentada a la Asamblea Legislativa el 1° de mayo de 1987 | ||
| 700 | 1 | |9 336 |a Madrigal Nieto, Rodrigo | |
| 942 | |2 ddc |c LI | ||
| 999 | |c 18691 |d 18691 | ||
